000 01136cam a22002771 4500
001 2996
003 BD-RjUL
005 20211208233645.0
008 161005s1967 g 000 0 eng
035 _a(BD-RjUL)3024
040 _aDLC
_cDLC
_dOCL
_dBD-RjUL
_beng
041 _aeng/ger
082 _a519.2
_bSYM 1967
_223
099 _aHJ2327.U5.B658
245 _aSymposium on Probability Methods in Analysis :
_bLectures delivered at a symposium at Loutraki, Greece, 22. 5. - 4. 6. 1966
_cChairman : D. A. Kappos
260 _aBerlin ; Heidelberg :
_bSpringer-Verlag,
_c1967.
300 _a329 p. :
_cIll. ;
_b28 cm.
490 _aLecture Notes in Mathematics : a collection of informal reports and seminars / edited by A. Dold, B. Eckmann ;
_v31
650 _aMathematics.
_9159286
650 _aDistribution (Probability theory)
_9138285
700 _aKappos, D. A. , Chairman
_9159287
700 _aDold, A. , ed.
_9157167
700 _aEckmann, B., Jt. ed.
_9157168
830 _aLecture Notes in Mathematics : a collection of informal reports and seminars / edited by A. Dold, B. Eckmann ;
_v31
_9159288
942 _2ddc
_cBK
999 _c2996
_d2996